| 000 | 00531cam a22002291 4500 | ||
|---|---|---|---|
| 001 | sa 67002399 | ||
| 003 | DLC | ||
| 005 | 20260227112330.0 | ||
| 008 | 940907s1966 ii 000 0 orio | ||
| 010 | _asa 67002399 | ||
| 025 | _aPL480:I-O-678 | ||
| 035 | _a(OCoLC)31063544 | ||
| 040 |
_aDLC _cCU _dCU _dDLC |
||
| 042 | _apremarc | ||
| 050 | 0 | 0 |
_aS657 _b.D3 |
| 100 | 1 |
_aDas, Shyam Sundar, _d1913- |
|
| 245 | 1 | 0 | _aAsanā kathā. |
| 260 | _c1966. | ||
| 300 |
_a72 p. _c19 cm. |
||
| 500 | _aIn Oriya. | ||
| 650 | 0 | _aNight soil. | |
| 999 |
_c73246 _d73246 |
||